=LDR 00000nam 2200000 4500 =001 INLIS000000000006642 =005 20130612094746 =008 ***********************************Ind** =035 ##$$0010-061300000006642 =041 ##$$a Ind =082 ##$$a 005.369 =090 ##$$a 005.369, Gun b =100 ##$$a Gunadi, F.X. Sutiono =245 ##$$a Belajar sendiri memakai dan merawat keluarga IBM-PC (dari XT hingga AT/486), F.X. Sutiono Gunadi =260 ##$$a 1992 $b Jakarta =300 ##$$a vii, 80 hlm., Ilus., 21 cm =650 ##$$a Komputer =850 ##$$a NBPNMAT